[Event "CZE-chT 9798"]
[Site "CZE"]
[Date "1998.03.07"]
[Round "8"]
[White "Kuczynski, Robert"]
[Black "Rasik, Vitezslav"]
[Result "1/2-1/2"]
[WhiteElo "2485"]
[BlackElo "2455"]

1.e4 c5 2.Nf3 e6 3.d4 cxd4 4.Nxd4 a6 5.Nc3 Qc7 6.Be2 b5 7.O-O Bb7 8.Re1 Nf6
9.Bf3 d6 10.a4 bxa4 11.Rxa4 Nbd7 12.Nb3 Be7 13.Na5 Ne5 14.Nxb7 Qxb7 15.Be2 O-O
16.Bf1 Nfd7 17.Qe2 Nc5 18.Ra2 Rfc8 19.Na4 Ncd7 20.g3 d5 21.Bg2  1/2-1/2

[Event "Golden Cleopatra"]
[Site "Cairo"]
[Date "1998.03.11"]
[Round "1"]
[White "Hassan, Sayed Barakat"]
[Black "Sax, Gyula"]
[Result "1/2-1/2"]
[WhiteElo "2325"]
[BlackElo "2535"]

1.e4 c5 2.Nc3 a6 3.Nf3 e6 4.d4 cxd4 5.Nxd4 d6 6.a4 b6 7.Bd3 Bb7 8.O-O Nf6
9.Be3 Nbd7 10.Nb3 Be7 11.f4 Qc7 12.Qe2 O-O 13.Rf3 Nc5 14.Nxc5 bxc5 15.Rh3 g6
16.b3 d5 17.e5 d4 18.exf6 Bxf6 19.Ne4 Bxe4 20.Bxe4 dxe3 21.Rf1 Rad8 22.Kh1 Bd4
23.Bd3 a5 24.Bc4 Rd6 25.Qe1 Rfd8 26.c3 Bf6 27.Qxe3 Rd2 28.Qe4 Rd1 29.Rf3 Qd6
30.Rxd1 Qxd1+ 31.Rf1 Qd2 32.Qb7 Qxc3 33.Qc6 Qe3 34.Qc7 Rd2 35.Qxa5 Kg7 36.Qa8 Rf2
37.Rxf2 Qxf2 38.Qf3 Qe1+ 39.Qf1 Qe3 40.Bd3 Bd4 41.g3 h5 42.a5 h4  1/2-1/2

[Event "DEN-chT 9798"]
[Site "Denmark"]
[Date "1998.03.15"]
[Round "7"]
[White "Rewitz, Poul"]
[Black "Nikontovic, Semir"]
[Result "1-0"]
[WhiteElo "2310"]
[BlackElo "2320"]

1.e4 c5 2.Nf3 e6 3.Nc3 a6 4.d4 cxd4 5.Nxd4 d6 6.Be3 Nf6 7.g4 d5 8.e5 Nfd7
9.f4 Nc6 10.Qe2 Bc5 11.O-O-O O-O 12.h4 Bxd4 13.Bxd4 Nxd4 14.Rxd4 Qb6 15.Rd2 Nc5
16.h5 Bd7 17.Bg2 Rac8 18.g5 d4 19.Ne4 d3 20.Qf2 Ba4 21.c3 Bc2 22.b4 Na4 23.Qxb6 Nxb6
24.Nc5 Rxc5 25.bxc5 Na4 26.Bxb7 Nxc5 27.Bg2 Rc8 28.Rh3 a5 29.Re3 Kf8 30.Bf1 Ke7
31.Be2 Rc7 32.Bd1 Bxd1 33.Rxd1 a4 34.Kb2 Rb7+ 35.Ka3 Kd7 36.Rexd3+ Nxd3 37.Rxd3+ Ke7
38.Rd4 Rc7 39.c4 h6 40.Kxa4 Ra7+ 41.Kb3 Rb7+ 42.Kc3 Ra7 43.Rd2 Ra3+ 44.Kb4  1-0

[Event "JUG-ch53"]
[Site "Belgrade "]
[Date "1998.03.19"]
[Round "6"]
[White "Velimirovic, Dragoljub"]
[Black "Djuric, Stefan"]
[Result "1/2-1/2"]
[WhiteElo "2535"]
[BlackElo "2520"]

1.e4 c5 2.Nf3 e6 3.d4 cxd4 4.Nxd4 a6 5.Nc3 Qc7 6.Be2 Nf6 7.O-O Bb4 8.Bd2 Bxc3
9.Bxc3 Nxe4 10.Bb4 d6 11.Bf3 Nc5 12.Qd2 O-O 13.Rfd1 Nbd7 14.Ba5 Qb8 15.Nb3 Nxb3
16.axb3 d5 17.c4 Ne5 18.Be2 Bd7 19.cxd5 exd5 20.Qxd5 Be6 21.Qe4 Bxb3 22.Rdc1 Re8
23.Bc7 Nc6 24.Qf4 Qa7 25.Bf1 Qd4 26.Qg3 Be6 27.h3 Qxb2 28.Rab1 Qd2 29.Rd1 Qc2
30.Rdc1 Qd2 31.Rd1 Qc2 32.Rdc1 Qd2 33.Bd3 Qh6 34.Bf4 Qf6 35.Rxb7 Bd5 36.Rb6 h6
37.Bxa6 Re6 38.Kh2 Qd8 39.Bc7 Qe7 40.Bb7 Ra3 41.Bxc6 Rxg3 42.Bxg3 Bxc6 43.Rbxc6 Rxc6
44.Rxc6 Qe4 45.Rc8+ Kh7 46.h4  1/2-1/2

[Event "Hampstead IM"]
[Site "Hampstead"]
[Date "1998.03.29"]
[Round "7"]
[White "Naylor, John"]
[Black "Aagaard, Jacob"]
[Result "0-1"]
[WhiteElo "2265"]
[BlackElo "2395"]

1.e4 c5 2.Nf3 e6 3.d4 cxd4 4.Nxd4 a6 5.Nc3 b5 6.Be2 Bb7 7.O-O b4 8.Na4 Bxe4
9.Re1 Nc6 10.Be3 Nf6 11.c4 bxc3 12.Nxc3 Nxd4 13.Bxd4 Bc6 14.Bf3 Rc8 15.Rc1 Be7
16.Na4 O-O 17.Bb6 Bxf3 18.Qxf3 Rxc1 19.Rxc1 Qb8 20.Qe2 Rc8 21.Rxc8+ Qxc8
22.Nc3 d6 23.h3 Qb7 24.Bd4 e5 25.Be3 h6 26.b3 d5 27.Na4 d4 28.Bc1 Qc6 29.Bb2 Bd6
30.Qd3 Nd5 31.Qc4 Qb7 32.g3 Nf6 33.Nc5 Bxc5 34.Qxc5 Qd7 35.Qc2 Qxh3  0-1

[Event "Mar del Plata op"]
[Site "Mar del Plata"]
[Date "1998.04.07"]
[Round "4"]
[White "Fiorito, Fabian"]
[Black "Sanchez, Fernando"]
[Result "1-0"]
[WhiteElo "2455"]
[BlackElo "2255"]

1.e4 c5 2.Nf3 e6 3.Nc3 a6 4.d4 cxd4 5.Nxd4 Nc6 6.Nxc6 bxc6 7.Bd3 d5 8.O-O Nf6
9.Qe2 Be7 10.b3 O-O 11.Bb2 Re8 12.Rad1 Qc7 13.Na4 e5 14.exd5 Bd6 15.Bc4 cxd5
16.Bxd5 Nxd5 17.Rxd5 Bb7 18.Rd3 e4 19.Rh3 Re6 20.c4 Rg6 21.Nc3 Qc8 22.Rh5 Qe6
23.Nd5 Re8 24.Rd1 Bb8 25.Bc1 f5 26.Rg5 Rxg5 27.Bxg5 h6 28.Bf4 Be5 29.g3 g5
30.Bxe5 Qxe5 31.Qh5 Kg7 32.Ne3 Bc6 33.h4 f4 34.Ng4 Qe6 35.hxg5 fxg3 36.Qxh6+ Qxh6
37.gxh6+ Kh8 38.fxg3 e3 39.Re1 e2 40.Nf6 Re3 41.Nd5 Rxg3+ 42.Kf2 Rh3 43.Nb4  1-0

[Event "Metz op"]
[Site "Metz"]
[Date "1998.04.08"]
[Round "4"]
[White "Zelcic, Robert"]
[Black "Eingorn, Vereslav S"]
[Result "0-1"]
[WhiteElo "2540"]
[BlackElo "2605"]

1.e4 c5 2.Nf3 a6 3.Nc3 e6 4.d4 cxd4 5.Nxd4 Qc7 6.Be2 b5 7.O-O Bb7 8.Re1 Nc6
9.Nxc6 dxc6 10.e5 Rd8 11.Bd3 c5 12.Bg5 Be7 13.Qh5 Bxg5 14.Qxg5 Ne7 15.a4 h6
16.Qg4 b4 17.Nd1 Rd4 18.Qh3 c4 19.Be2 Ng6 20.Bf3 Bxf3 21.Qxf3 O-O 22.c3 bxc3
23.Nxc3 Rfd8 24.Qe3 Rd3 25.Qe4 Rd2 26.Rad1 Rxb2 27.Rxd8+ Qxd8 28.Rf1 Qa5
29.Qa8+ Kh7 30.Nb5 c3 31.Nd6 Qc5  0-1

[Event "Mar del Plata op"]
[Site "Mar del Plata"]
[Date "1998.04.10"]
[Round "7"]
[White "Van Riemsdijk, Herman C"]
[Black "Loiterstein, Mariano"]
[Result "1-0"]
[WhiteElo "2375"]
[BlackElo "2260"]

1.e4 c5 2.Nf3 e6 3.d4 cxd4 4.Nxd4 a6 5.Nc3 Qc7 6.g3 Nf6 7.Bg2 Be7 8.O-O O-O
9.Re1 d6 10.Qd2 Nc6 11.b3 Nxd4 12.Qxd4 Bd7 13.Bb2 Rac8 14.Nd1 Rfd8 15.c4 Bc6
16.Rc1 b6 17.Nc3 Ba8 18.h3 Ne8 19.Kh2 Bf6 20.Qd3 Qb8 21.Re2 Bc6 22.a4 Ba8
23.Ba3 Qc7 24.Rec2 Bb7 25.f4 Rd7 26.h4 Rdd8 27.Nd1 Qb8 28.Ne3 Be7 29.f5 Qa8
30.Re2 Nf6 31.fxe6 fxe6 32.Bh3 Bxe4 33.Bxe6+ Kh8 34.Qd4 Rc5 35.Bd5 Bxd5 36.Nxd5 Nxd5
37.Bxc5 dxc5 38.Qe4 Bf8 39.cxd5 b5 40.Rf1 Qb8 41.Rf7 Bd6 42.Qg4 Rg8 43.Re6 c4
44.bxc4 bxc4 45.Qf3 Be5 46.Rfe7 Bf6 47.Rf7 Bxh4 48.d6 Bg5 49.d7 Qd8 50.Re8  1-0

[Event "Dreifluesse op"]
[Site "Passau"]
[Date "1998.04.10"]
[Round "1"]
[White "Schunk, Herbert"]
[Black "Schlosser, Philipp"]
[Result "0-1"]
[WhiteElo "1995"]
[BlackElo "2515"]

1.e4 c5 2.Nf3 e6 3.d4 cxd4 4.Nxd4 a6 5.Nc3 d6 6.g3 Nf6 7.Bg2 Be7 8.O-O Qc7
9.h3 O-O 10.g4 Nc6 11.g5 Nd7 12.Nce2 Re8 13.Kh1 Nxd4 14.Nxd4 b5 15.f4 Bb7
16.f5 Bf8 17.g6 hxg6 18.fxg6 fxg6 19.Qg4 Ne5 20.Qg3 Be7 21.c3 Bf6 22.Bf4 Qe7
23.Bxe5 dxe5 24.Nc2 g5 25.Ne3 Rad8 26.Rad1 Rxd1 27.Rxd1 Rd8 28.Qg4 Rxd1+
29.Qxd1 Bc6 30.Qd3 Qc7 31.Kh2 Be7 32.b4 Qb8 33.Kg3 Qf8 34.Bf3 Bd8 35.c4 g4
36.hxg4 Bh4+ 37.Kg2 Qxb4 38.Kh3 Qe1  0-1

[Event "Dreifluesse op"]
[Site "Passau"]
[Date "1998.04.10"]
[Round "1"]
[White "Mayr, Guenter"]
[Black "Eisfeld, Klaus"]
[Result "0-1"]
[WhiteElo "1856"]
[BlackElo "2230"]

1.e4 c5 2.Nf3 e6 3.d4 cxd4 4.Nxd4 a6 5.Nc3 Bb4 6.Qg4 Qf6 7.Be3 Nc6 8.O-O-O Bxc3
9.bxc3 Nge7 10.f4 d5 11.e5 Qg6 12.Qf3 f5 13.Bd3 Bd7 14.Rhg1 h5 15.h3 h4 16.g4 hxg3
17.Rxg3 Qh6 18.Qg2 O-O-O 19.Nb3 d4 20.cxd4 Nd5 21.Bd2 Nxf4 22.Qf3 g5 23.Bxa6 bxa6
24.Nc5 Rh7 25.Qa3 Nb8 26.Bxf4 gxf4 27.Rc3 Bc6 28.Nxa6 Ra7 29.Rxc6+ Nxc6 30.Rd3 f3+
31.Kd1 Qxh3 32.Qa4 Qh1+ 33.Kd2 f2 34.Rc3 Qe1+  0-1

[Event "Dreifluesse op"]
[Site "Passau"]
[Date "1998.04.10"]
[Round "2"]
[White "Viertlboeck, Johann"]
[Black "Bachmann, Wolfgang"]
[Result "1/2-1/2"]
[WhiteElo "1750"]
[BlackElo "1998"]

1.e4 c5 2.Nf3 e6 3.d4 cxd4 4.Nxd4 a6 5.Nc3 Qc7 6.Be2 Nc6 7.Be3 Nf6 8.a3 Be7
9.O-O O-O 10.f4 d6 11.Bf3 Bd7 12.Nxc6 Bxc6 13.Qd2 Rfd8 14.Qf2 Rd7 15.Bb6 Qb8
16.Rad1 Bd8 17.Bxd8 Qxd8 18.e5 Bxf3 19.Qxf3 Qb6+ 20.Kh1 Ne8 21.f5 Qc6 22.fxe6  1/2-1/2

[Event "Czerniak mem 14th"]
[Site "Tel Aviv"]
[Date "1998.04.12"]
[Round "4"]
[White "Kundin, Alexander"]
[Black "Gofshtein, Leonid D"]
[Result "1/2-1/2"]
[WhiteElo "2425"]
[BlackElo "2510"]

1.e4 c5 2.Nf3 e6 3.d4 cxd4 4.Nxd4 a6 5.Nc3 b5 6.Bd3 Qb6 7.Nb3 Qc7 8.O-O Bb7
9.Qe2 b4 10.Na4 Bc6 11.Nac5 a5 12.Be3 Nf6 13.a3 bxa3 14.Rxa3 Be7 15.Rfa1 a4
16.Nd2 d5 17.b4 O-O 18.c3 Rd8 19.e5 Qxe5 20.b5 Nbd7 21.bxc6 Nxc5 22.Bxc5 Qxe2
23.Bxe2 Bxc5 24.Rxa4 Rxa4 25.Rxa4 Rc8 26.Nb3 Bd6 27.Bb5 Ne4 28.c4 Kf8 29.Ra6 Rb8
30.Ra7 dxc4 31.Bxc4 Rc8 32.Bd3 Nf6 33.Bb5 Nd5 34.Rd7 Bc7 35.Nc5 Rb8 36.Nb7 Ra8
37.g3 Bb6 38.Bc4 Nf6 39.Rd2 Ra1+ 40.Kg2 Rc1 41.Bb5 Nd5 42.Nd6 Bc7 43.Nc4 Rb1
44.Ba6 Rc1 45.Bb5 g6 46.Ne3 Nb6 47.Rc2 Rxc2 48.Nxc2 Ke7 49.Ne3 Kd6 50.Nc4+ Kc5
51.Nxb6 Kxb5 52.Nd7 Kxc6 53.Nf6 h5 54.Kf3 Bd8 55.Ne4 f5 56.Nd2 e5 57.Ke2 Kd5
58.Nf3 e4 59.Ne1 Bg5 60.Nc2 Bf6 61.Ke3 Be7 62.Ke2 Ke5 63.Ne1 g5 64.h3 Bb4
65.Nc2 Bc3 66.Ne3 Bd4 67.Nc2 Bc5 68.Ne1 Kd5 69.Ng2 Kd4 70.h4 Be7 71.hxg5 Bxg5
72.f4 exf3+  1/2-1/2

[Event "POR-chT"]
[Site "Lisboa"]
[Date "1998.05.01"]
[Round "1"]
[White "Galego, Luis"]
[Black "Spraggett, Kevin"]
[Result "1/2-1/2"]
[WhiteElo "2445"]
[BlackElo "2565"]

1.e4 c5 2.Nf3 e6 3.d4 cxd4 4.Nxd4 a6 5.Nc3 Qc7 6.Be2 Nf6 7.O-O Nc6 8.Nxc6 bxc6
9.f4 d5 10.Qd3 Be7 11.Kh1 O-O 12.e5 Nd7 13.Qg3 f5 14.Na4 c5 15.c4 d4 16.Bd2 Bb7
17.b3 a5 18.Nb2 Nb8 19.Bf3 Nc6 20.Rab1 Ra7 21.a4 Rb8 22.Nd3 Nd8 23.Qe1 Bxf3
24.Rxf3 Nc6 25.Qd1 g6 26.Ne1 Nb4 27.Bxb4 Rxb4 28.Nc2 Rb8 29.Na3 Qc6 30.Nb5 Rd7
31.Qd2 Ra8 32.Re1  1/2-1/2

[Event "Boca Juniors op"]
[Site "Buenos Aires"]
[Date "1998.05.08"]
[Round "2"]
[White "Niegovich, Jorge"]
[Black "Giardelli, Sergio C"]
[Result "0-1"]
[WhiteElo "2190"]
[BlackElo "2440"]

1.e4 c5 2.Nf3 e6 3.d4 cxd4 4.Nxd4 a6 5.Nc3 Qc7 6.Bd3 b5 7.Qe2 b4 8.Nb1 Bb7
9.Be3 Nf6 10.Nd2 d5 11.Bg5 Nbd7 12.Bxf6 Nxf6 13.e5 Nd7 14.f4 Bc5 15.N2b3 Be7
16.f5 Nxe5 17.fxe6 Nxd3+ 18.cxd3 O-O 19.O-O Bf6 20.Kh1 Kh8 21.Qg4 Bc8 22.Rae1 fxe6
23.Nxe6 Bxe6 24.Qxe6 Bxb2 25.Qxd5 Bc3 26.Rd1 h6 27.Rf5 Rad8 28.Qf3 Rxf5 29.Qxf5 Qe7
30.Qf2 Rf8 31.Qg1 Qe2 32.Nc1 Qc2 33.Rf1 Re8 34.Rf2 Qb1 35.Qf1 Bf6 36.Nb3 Qxf1+
37.Rxf1 Re2 38.g3 Rxa2 39.Rd1 a5 40.d4 a4  0-1

[Event "FRA-chT"]
[Site "FRA"]
[Date "1998.05.08"]
[Round "8"]
[White "Maier, Christian"]
[Black "Fressinet, Laurent"]
[Result "1/2-1/2"]
[WhiteElo "2380"]
[BlackElo "2450"]

1.e4 c5 2.Nc3 e6 3.Nf3 a6 4.d4 cxd4 5.Nxd4 b5 6.e5 Bb7 7.Bd3 d6 8.O-O dxe5
9.Nxe6 fxe6 10.Qh5+ Ke7 11.Bg5+ Nf6 12.Be4 Bxe4 13.Nxe4 Nd7 14.Rad1 Qe8 15.Qf3 Kf7
16.Rxd7+ Qxd7 17.Rd1 Qe7 18.Bxf6 gxf6 19.Qh5+ Kg8 20.Rd7 f5 21.Rxe7 Bxe7
22.Ng5 Bxg5 23.Qxg5+ Kf7 24.Qe3 Rad8 25.h3 Rd5 26.Qc3 Rhd8 27.Qc6 R5d6 28.Qc7+ R8d7
29.Qc8 Kg7 30.Kh2 Rd8 31.Qc7+ R8d7 32.Qc8 Rd8 33.Qc7+  1/2-1/2

[Event "CZE-ch (Women)"]
[Site "Klatovy"]
[Date "1998.05.08"]
[Round "1"]
[White "Blazkova, Petra"]
[Black "Palkova, H."]
[Result "1-0"]
[WhiteElo "2255"]
[BlackElo "2045"]

1.e4 c5 2.Nf3 e6 3.d4 cxd4 4.Nxd4 a6 5.Nc3 Qc7 6.g3 Nf6 7.Bg2 d6 8.O-O Nbd7
9.Re1 Be7 10.a4 Rb8 11.a5 O-O 12.f4 b5 13.e5 dxe5 14.fxe5 Ne8 15.Nc6 Bc5+
16.Kh1 Bb7 17.Nxb8 Nxb8 18.Ne4 Qxe5 19.Bf4 Qf5 20.Bxb8  1-0

[Event "CZE-ch (Women)"]
[Site "Klatovy"]
[Date "1998.05.11"]
[Round "4"]
[White "Pallova, Romana"]
[Black "Palkova, H."]
[Result "1-0"]
[WhiteElo "2085"]
[BlackElo "2045"]

1.e4 c5 2.Nf3 e6 3.d4 cxd4 4.Nxd4 a6 5.Nc3 Qc7 6.g3 b5 7.Bg2 Bb7 8.O-O Nf6
9.Re1 d6 10.a3 Be7 11.Be3 Nbd7 12.f4 Nc5 13.Bf2 Rd8 14.Qe2 O-O 15.Rad1 d5
16.exd5 Nxd5 17.Nxd5 Bxd5 18.Bxd5 Rxd5 19.Nxe6 fxe6 20.Rxd5 exd5 21.Qxe7 Qxe7
22.Rxe7 Ne4 23.Bd4 Rf7 24.Re6 Rc7 25.c3 Nd2 26.Kf2 Nc4 27.b3 Nxa3 28.Rxa6 Nb1
29.Rb6 Nxc3 30.Bxc3 Rxc3 31.Rxb5 d4 32.Ke2 Kf7 33.Rb7+ Kf6 34.b4 h5 35.Rb6+ Ke7
36.Rg6 Kf7 37.Rd6 Rc2+ 38.Kd3 Rxh2 39.Kxd4 Rg2 40.Rd5 Rxg3 41.Rxh5 g6 42.Re5 Kf6
43.b5 Rb3 44.Kc5 Rc3+ 45.Kd5 Rd3+ 46.Kc4 Rf3 47.Re4 Kf5 48.Rd4 Rf1 49.b6 Rb1
50.Kc5  1-0

[Event "Boca Juniors op"]
[Site "Buenos Aires"]
[Date "1998.05.14"]
[Round "7"]
[White "Bernardo, Walter"]
[Black "Peralta, Fernando"]
[Result "0-1"]
[WhiteElo "2220"]
[BlackElo "2360"]

1.e4 c5 2.Nf3 e6 3.d4 cxd4 4.Nxd4 a6 5.Nc3 Qc7 6.Be2 b5 7.O-O Bb7 8.Re1 Nc6
9.Bf3 Bd6 10.g3 Nxd4 11.Qxd4 Be5 12.Qd3 Ne7 13.Bg2 O-O 14.f4 Bxc3 15.bxc3 d5
16.e5 Rac8 17.Bd2 Rfd8 18.Re2 d4 19.cxd4 Bxg2 20.Rxg2 Qxc2 21.Qa3 Qe4 22.Rf1 Nf5
23.Qxa6 Qxd4+ 24.Rgf2 Rc2 25.Ba5 Rxa2 26.Qxb5 Rxf2 27.Rxf2 Rc8 28.Qb1 h5
29.Bd2 Ra8 30.Qb7 Ra2 31.Qc8+ Kh7 32.Qc3 Qe4 33.Be1 Ra4 34.Bd2 Nd4 35.Be3 Qb1+
36.Kg2 Nf5 37.Bc5 Qb5 38.Rc2 Qc6+ 39.Kg1 Qe4 40.Bf2 Rb4 41.Rc1 Qb7 42.Qc2 Qf3
43.Qd1 Qxd1+ 44.Rxd1 Rb2 45.Rd3 Kg6 46.Kg2 Nh6 47.h3 Kf5 48.Kf3 Rb4 49.Be3 Ra4
50.Rc3 Ra2 51.Bf2 Kg6 52.Rb3 Nf5 53.Rd3 Rc2 54.Rb3 Rc4 55.Rd3 Ra4 56.Rb3 Ne7
57.Rd3 Nd5 58.Be3 Ra1 59.Bf2 Ra2 60.Be3 Rh2 61.Bg1 Rc2 62.Be3 Ra2 63.Bf2 h4
64.Be3 hxg3  0-1

[Event "Boca Juniors op"]
[Site "Buenos Aires"]
[Date "1998.05.15"]
[Round "8"]
[White "Rosito, Jorge"]
[Black "Madina, Martin"]
[Result "1-0"]
[WhiteElo "2360"]
[BlackElo "2265"]

1.e4 c5 2.Nf3 e6 3.d4 cxd4 4.Nxd4 a6 5.Nc3 Qc7 6.Be2 Nf6 7.O-O Be7 8.f4 d6
9.Kh1 Nc6 10.Be3 Bd7 11.Qe1 O-O 12.Qg3 Nxd4 13.Bxd4 Bc6 14.Rae1 b5 15.a3 Qb7
16.Bd3 Rfd8 17.Nd1 d5 18.Bxf6 Bxf6 19.e5 Be7 20.f5 exf5 21.Ne3 Bf8 22.Nxf5 Be8
23.e6  1-0

[Event "CZE-ch (Women)"]
[Site "Klatovy"]
[Date "1998.05.15"]
[Round "8"]
[White "Slepankova, Radka"]
[Black "Palkova, H."]
[Result "0-1"]
[WhiteElo "2070"]
[BlackElo "2045"]

1.e4 c5 2.Nf3 e6 3.d4 cxd4 4.Nxd4 a6 5.Nc3 Qc7 6.Be2 b5 7.a3 Bb7 8.O-O Nf6
9.Bf3 d6 10.Re1 Be7 11.e5 dxe5 12.Bxb7 Qxb7 13.Rxe5 O-O 14.Bg5 Nbd7 15.Re3 Bc5
16.Rg3 Qb6 17.Be3 Rad8 18.Nde2 Ne5 19.Qc1 Bxe3 20.Rxe3 Nfg4 21.Rg3 Qxf2+
22.Kh1 Qa7 23.h3 Nf2+ 24.Kh2 f5 25.Qf4 Ng6 26.Qe3 Qxe3 27.Rxe3 e5 28.Rf1 Ne4
29.Nxe4 fxe4 30.Rxf8+ Kxf8 31.Nc3 Rd2 32.Re2 e3 33.Rxe3 Rxc2 34.b4 Nf4 35.Rg3 Nxg2
36.Rxg2 Rxc3 37.Re2 Rxa3 38.Rxe5 Kf7 39.Rc5 h6 40.Rc7+ Kf6 41.Rc6+ Kg5 42.Rc5+ Kh4  0-1

[Event "Toronto op"]
[Site "Toronto"]
[Date "1998.05.15"]
[Round "2"]
[White "Kudrin, Sergey"]
[Black "Teodoro, Eduardo"]
[Result "1-0"]
[WhiteElo "2565"]
[BlackElo "2365"]

1.e4 c5 2.Nf3 e6 3.d4 cxd4 4.Nxd4 a6 5.Nc3 Qc7 6.g3 Nc6 7.Bg2 Nf6 8.O-O Nxd4
9.Qxd4 Bc5 10.Bf4 Bxd4 11.Bxc7 O-O 12.Bd6 Re8 13.e5 Ng4 14.Rae1 f6 15.exf6 Bxc3
16.bxc3 Nxf6 17.c4 a5 18.Rb1 a4 19.a3 Ra6 20.c5 b6 21.cxb6 Nd5 22.Bc5 Ra5
23.Bd4 Ba6 24.Rfc1 Ne7 25.b7  1-0

[Event "Boca Juniors op"]
[Site "Buenos Aires"]
[Date "1998.05.16"]
[Round "9"]
[White "Seminara, Juan Pablo"]
[Black "Fiorito, Fabian"]
[Result "1/2-1/2"]
[WhiteElo "2320"]
[BlackElo "2455"]

1.e4 c5 2.Nf3 e6 3.d4 cxd4 4.Nxd4 a6 5.Nc3 Qc7 6.Bd3 b5 7.O-O Bb7 8.Re1 d6
9.Bg5 Nd7 10.a4 bxa4 11.Nxa4 Ngf6 12.c4 Be7 13.b4 O-O 14.Qe2 Ne5 15.Rac1 Nxd3
16.Qxd3 Rad8 17.Bh4 Rfe8 18.f3 Qb8 19.Qb3 Ba8 20.Rb1 Rc8 21.Bf2 Nd7 22.Rec1 Rc7
23.Kh1 Qc8 24.Bg3 Rb7 25.Qa2 g6 26.Qd2 e5 27.Nb3 Rc7 28.Na5 f5 29.Nc3 Nf6
30.Nd5 fxe4 31.Nxc7 Qxc7 32.f4 Nh5 33.fxe5 Nxg3+ 34.hxg3 d5 35.Qd4 Bg5 36.Rc3 Qxe5
37.Qxe5 Rxe5 38.cxd5 Bxd5  1/2-1/2

[Event "Toronto op"]
[Site "Toronto"]
[Date "1998.05.16"]
[Round "4"]
[White "Rajlich, Vasik G"]
[Black "Teodoro, Eduardo"]
[Result "0-1"]
[WhiteElo "2265"]
[BlackElo "2365"]

1.e4 c5 2.Nf3 e6 3.d4 cxd4 4.Nxd4 a6 5.Nc3 Qc7 6.Bd3 b6 7.O-O Bb7 8.Kh1 Nc6
9.Nxc6 dxc6 10.f4 Nf6 11.f5 Bd6 12.Bg5 exf5 13.Rxf5 Be5 14.Qe2 Bc8 15.Bxf6 gxf6
16.Rh5 Be6 17.a4 Ke7 18.Bxa6 Rhg8 19.h3 Rg3 20.Bc4 Rag8 21.Bxe6 Rxg2 22.Qxg2 Rxg2
23.Kxg2 Kxe6 24.Rf1 Qd8 25.Rf2 Qg8+ 26.Kf1 Qg6 27.Rhf5 Qh6 28.Kg2 Qc1 29.Ne2 Qe3
30.Nf4+ Ke7 31.Re2 Qd4 32.b3 Qd1 33.Rf2 Bd4 34.Re2 Qg1+ 35.Kf3 Be5 36.Rf2 Qh1+
37.Ke3 Qc1+ 38.Kf3 Qh1+ 39.Ke3 Qc1+ 40.Kf3 Qg1 41.Re2 Qh1+ 42.Ke3 Qc1+ 43.Kf3 Qd1
44.Kf2 h5 45.Ke3 Bd4+ 46.Kf3 Qf1+ 47.Kg3 Be5 48.Rf2 Qg1+ 49.Kf3 Bd4 50.Re2 Qh1+
51.Kg3 Be5 52.Kf2 h4 53.Ke3  0-1

[Event "Toronto op"]
[Site "Toronto"]
[Date "1998.05.17"]
[Round "6"]
[White "Shabalov, Alexander"]
[Black "Teodoro, Eduardo"]
[Result "1/2-1/2"]
[WhiteElo "2615"]
[BlackElo "2365"]

1.e4 c5 2.Nf3 e6 3.d4 cxd4 4.Nxd4 a6 5.Nc3 Qc7 6.Be2 b6 7.f4 Bb7 8.Bf3 Nc6
9.Be3 Na5 10.O-O Bc5 11.Qd3 b5 12.Kh1 Nc4 13.Bc1 Nb6 14.Nb3 Be7 15.Na5 Bc6
16.a4 b4 17.Nxc6 dxc6 18.a5 Nd7 19.Na4 Ngf6 20.Be3 O-O 21.Nb6 Nxb6 22.axb6 Qb7
23.Rfd1 Rfd8 24.Qc4 Nd7 25.e5 Nxb6 26.Qxc6 Rxd1+ 27.Rxd1 Qxc6 28.Bxc6 Rd8
29.Rxd8+ Bxd8 30.Bc5 a5 31.Kg1 f6 32.exf6 gxf6 33.Kf2 Kf7 34.b3 f5 35.Ke3 Nd5+
36.Bxd5 exd5 37.Kd4 Ke6 38.Ba7 Bc7 39.g3 Kd6 40.Bc5+ Ke6 41.h3 h5 42.h4 Bd8
43.Ba7 Bf6+ 44.Kd3 Bd8 45.Kd4 Bf6+  1/2-1/2

[Event "Toronto op"]
[Site "Toronto"]
[Date "1998.05.18"]
[Round "8"]
[White "Kudrin, Sergey"]
[Black "Davies, Nigel R"]
[Result "1-0"]
[WhiteElo "2565"]
[BlackElo "2515"]

1.e4 c5 2.Nf3 e6 3.d4 cxd4 4.Nxd4 a6 5.Nc3 d6 6.g3 b5 7.Bg2 Bb7 8.O-O Nd7
9.Re1 Qc7 10.a4 b4 11.Na2 e5 12.Nf5 a5 13.c3 g6 14.Ne3 b3 15.Qxb3 Ngf6 16.Qc2 Nc5
17.Nd5 Nxd5 18.exd5 Bg7 19.b4 Nd7 20.bxa5 Rxa5 21.Nb4 O-O 22.Rd1 Nb6 23.Nc6 Rxd5
24.Bxd5 Nxd5 25.Rxd5 Bxc6 26.Rd2 Ba8 27.c4 Rc8 28.Rb1 d5 29.cxd5 Qd7 30.Qd1 h5
31.h4 e4 32.Bb2 e3 33.fxe3 Bh6 34.Qf3 Rb8 35.Qf6 Kh7 36.Kh2 Bxd5 37.Be5 Rg8
38.Rbd1  1-0

[Event "Szeged TT05 IM"]
[Site "Szeged"]
[Date "1998.05.23"]
[Round "3"]
[White "Papp, Laszlo"]
[Black "Revuckij, Vladimir"]
[Result "1-0"]
[WhiteElo "2225"]
[BlackElo "2215"]

1.e4 c5 2.Nf3 e6 3.d4 cxd4 4.Nxd4 a6 5.Nc3 b5 6.Bd3 Qb6 7.Nb3 Qc7 8.O-O Nf6
9.Bg5 b4 10.Ne2 Bb7 11.Ng3 Bd6 12.f4 h6 13.Bxf6 gxf6 14.Nh5 Be7 15.Qg4 Nc6
16.Ng7+ Kf8 17.Rf3 Na5 18.Rg3 Nxb3 19.axb3 Bc5+ 20.Kh1 Bf2 21.Rf3 f5 22.exf5 Bxf3
23.Qxf3 Kxg7 24.Qxf2 Qd8 25.Qd4+ Qf6 26.Qxb4 Qxb2 27.Rf1 Qf6 28.fxe6 dxe6
29.h3 Rhd8 30.Rf3 Kh8 31.Qe4 Qf5 32.Qxa8 Qxd3 33.Rxd3 Rxa8 34.Kg1 Kg7 35.Kf2 Kf6
36.Kf3 a5 37.c4 h5 38.Rc3 Ke7 39.Ke4 f6 40.f5 e5 41.Kd5 a4 42.bxa4 Rxa4 43.Rb3 Ra7
44.c5 Kd7 45.Rg3 Ra2 46.Rg7+ Kc8 47.Kd6 Rd2+ 48.Ke6 e4 49.Kxf6 e3 50.Re7 Rxg2
51.Rxe3 h4 52.Re8+ Kd7 53.Rh8 Rc2 54.Rxh4 Rxc5 55.Re4 Rc6+ 56.Kg7  1-0

[Event "Warsaw-ch"]
[Site "Warsaw"]
[Date "1998.05.25"]
[Round "3"]
[White "Maciejewski, Miroslaw"]
[Black "Kaczorowski, Piotr"]
[Result "1-0"]
[WhiteElo "2310"]
[BlackElo "2200"]

1.e4 c5 2.Nc3 e6 3.Nf3 a6 4.d4 cxd4 5.Nxd4 Qc7 6.Be3 Nf6 7.Be2 Nc6 8.O-O Be7
9.f4 d6 10.Kh1 O-O 11.Qe1 Nxd4 12.Bxd4 b5 13.e5 Nd7 14.exd6 Bxd6 15.Bd3 g6
16.Qh4 Bb7 17.Ne4 Bxe4 18.Bxe4 Rad8 19.Rae1 Qc4 20.c3 e5 21.b3 Qc7 22.fxe5 Bxe5
23.Bd5 Rde8 24.Rxf7 Rxf7 25.Bxf7+ Kxf7 26.Qxh7+ Kf6 27.Rf1+ Ke6 28.Qf7+  1-0

[Event "Warsaw-ch"]
[Site "Warsaw"]
[Date "1998.05.31"]
[Round "9"]
[White "Kolasinski, Marek"]
[Black "Olejarczyk, Bogdan"]
[Result "1-0"]
[WhiteElo "2280"]
[BlackElo "2170"]

1.e4 c5 2.Nf3 e6 3.d4 cxd4 4.Nxd4 a6 5.Nc3 Qc7 6.a3 Nf6 7.Be3 Nc6 8.Be2 b5
9.Nxc6 dxc6 10.O-O Bb7 11.f4 c5 12.e5 Rd8 13.Qe1 Nd5 14.Nxd5 Bxd5 15.a4 Qc6
16.axb5 axb5 17.Qf2 Be7 18.Ra7 Rd7 19.Rfa1 Rxa7 20.Rxa7 g6 21.b3 c4 22.bxc4 bxc4
23.c3 Qb5 24.Bd4 h5 25.h3 Kf8 26.Bf3 Bd8 27.Bxd5 Qxd5 28.Qf3 Qb5 29.Qb7 Qxb7
30.Rxb7 Bh4 31.Bf2 Bd8 32.Rb4 Ba5 33.Ra4 Bxc3 34.Rxc4 Bd2 35.Bh4 g5 36.Bxg5 Kg8
37.Rc7 Rh7 38.Rc8+ Kg7 39.Kf2 Kg6 40.Kf3 Be1 41.g3 Bd2 42.Bf6 Rg7 43.Bxg7 Kxg7
44.g4 hxg4+ 45.hxg4 Bb4 46.f5 Ba3 47.fxe6 fxe6 48.Kf4 Bb2  1-0

[Event "Garcia mem Premier"]
[Site "Santa Clara"]
[Date "1998.06.01"]
[Round "7"]
[White "Perez, Rodney"]
[Black "Vazquez, Renier"]
[Result "1/2-1/2"]
[WhiteElo "2395"]
[BlackElo "2405"]

1.e4 c5 2.Nf3 e6 3.Nc3 a6 4.d4 cxd4 5.Nxd4 b5 6.Bd3 Qb6 7.Nb3 Qc7 8.O-O Bb7
9.f4 d6 10.a3 Nd7 11.Qe2 Ngf6 12.Bd2 Be7 13.Rae1 e5 14.g4 exf4 15.g5 f3 16.Rxf3 Ng4
17.Nd5 Bxd5 18.exd5 Nge5 19.Rg3 g6 20.Na5 h6 21.Nc6 Bxg5 22.Ba5 Qb7 23.Bxg6 fxg6
24.h4 O-O 25.hxg5 Rae8 26.gxh6 Nf3+ 27.Rxf3 Rxe2 28.Rxf8+ Nxf8 29.Rxe2 Qd7
30.Rg2 Qe8 31.Bb4 Qe3+ 32.Rf2 Nh7 33.Bxd6 Ng5 34.Kf1 Nf3 35.Bb4 g5 36.d6 Qc1+
37.Ke2 Qxc2+ 38.Kxf3 Qxc6+ 39.Kg4 Qe4+ 40.Kxg5 Qe3+ 41.Rf4 Qe5+  1/2-1/2

[Event "Hamburg-chI"]
[Site "Hamburg"]
[Date "1998.06.03"]
[Round "6"]
[White "Nisipeanu, Liviu Dieter"]
[Black "Gustafsson, Jan"]
[Result "1/2-1/2"]
[WhiteElo "2610"]
[BlackElo "2385"]

1.Nf3 c5 2.e4 e6 3.Nc3 a6 4.d4 cxd4 5.Nxd4 Qc7 6.Be2 Nc6 7.O-O Nf6 8.Kh1 Nxd4
9.Qxd4 Bc5 10.Qd3 b5 11.f4 Bb7 12.Bf3 h5 13.e5 Ng4 14.Ne4 Be7 15.Be3 Rc8
16.Rad1 Bd5 17.Nd6+ Bxd6 18.exd6 Qxd6 19.Bxd5 Qxd5 20.Bd4 Qc4  1/2-1/2

[Event "Garcia mem Masters"]
[Site "Santa Clara"]
[Date "1998.06.06"]
[Round "11"]
[White "Rohl, Juan"]
[Black "Garcia, Osmel"]
[Result "1-0"]
[WhiteElo "2375"]
[BlackElo "2335"]

1.e4 c5 2.Nf3 e6 3.Nc3 a6 4.d4 cxd4 5.Nxd4 Qc7 6.Be2 d6 7.O-O Nf6 8.f4 Be7
9.Be3 O-O 10.g4 Nc6 11.g5 Nxd4 12.Bxd4 Nd7 13.Bd3 Re8 14.Qh5 g6 15.Qh4 d5
16.f5 Bc5 17.exd5 exf5 18.Rae1 Rd8 19.Rf2 b5 20.Bxc5 Qxc5 21.Bxf5 gxf5 22.g6 hxg6
23.Qxd8+ Nf8 24.Qe7 Qd4 25.Ne4 Nh7 26.c3 Qxd5 27.Rd2 Qc6 28.Rd6 Qb7 29.Rd8+ Kg7
30.Qxb7 Bxb7 31.Rxa8 Bxa8 32.Nd6 Bd5 33.b3 Ng5 34.Kf2 f4 35.c4 bxc4 36.bxc4 Nh3+
37.Kf1 Be6 38.c5 Bd5 39.Rd1 Bc6 40.Rd3 f3 41.Ra3 Nf4 42.Rxa6 Bd5 43.c6 Ne6
44.Kf2 Kf8 45.Ra7 Bxc6 46.Rxf7+ Kg8 47.Rf6  1-0